Statistics for American Civil War by Pictures

Click here to take the quiz!

General Stats

  • This quiz has been taken 6 times
  • The average score is 7 of 12

Answer Stats

Answer% Correct
Jefferson Davis
100%
Ulysses Grant
100%
Frederick Douglass
83%
USS Monitor
83%
Fife
67%
Gatling Gun
67%
Zouave
67%
Bloody Lane
33%
CSS Virginia
33%
Sharps Rifle
33%
Albert Sidney Johnston
17%
H.L. Hunley
17%

Score Distribution

Percentile by Number Answered

Percent of People with Each Score

Your Score History

You have not taken this quiz